000 00782cam a2200253 4500
001 B1605
008 090401t1985 xxu||||| |||| 00| 0 eng d
035 _a(Sirsi) u45414
041 _aeng
050 _a338.4769
090 _aRICS 1985/70A
100 _aWeatherhead, Marion J
245 _aRehabilitation and the decline in construction industry apprenticeships : a cause for concern by chartered building surveyors
260 _c1985
300 _a27p. ; 30cm.
350 _a0
520 _aSchool of Surveying, Thames Polytechnic Report prepared for the RICS.
650 _aBUILDING INDUSTRY
650 _aLABOUR SHORTAGE
650 _aBUILT ENVIRONMENT-BUILDING MAINTENANCE AND REFURBISHMENT
650 _aSKILLS SHORTAGE
942 _n0
948 _c04/03/1997
999 _c91708
_d91708